Sports Quiz

Random Sports or World Cup Quiz
Score 0/110 Timer 15:00
0 Plays Today
Hint Answer % Correct
Awarded the Ballon d'Or/Golden Ball in the 2000's (Owen in 2001)Cristiano Ronaldo
96.9%
Awarded the Ballon d'Or/Golden Ball in the 2000's (Owen in 2001)Ronaldo
96.9%
Awarded both PFA Young Player of the Year and Premier League Player of the Season (as of 05/2020, Owen both in 1997-98)Cristiano Ronaldo
96.9%
Awarded both PFA Young Player of the Year and Premier League Player of the Season (as of 05/2020, Owen both in 1997-98)Wayne Rooney
96.5%
Scored 10 or more goals in 6 or more consecutive Premier League seasons (as of 06/2019, Owen 7: from 1997-98 to 2003-04 Liverpool)Wayne Rooney
96.5%
Scored 30 or more goals for England (as of 11/2019, Owen scored 40)Wayne Rooney
96.5%
English player won the 2010-11 Premier League winning medals with Man UtdWayne Rooney
96.5%
Awarded the Ballon d'Or/Golden Ball in the 2000's (Owen in 2001)Andriy Shevchenko
94.9%
Scored in 2002, 2006 FIFA World Cup qualifications, and 2000, 2004, 2008 UEFA Euro qualifications campaign (Owen scored 21 goals in total)Andriy Shevchenko
94.9%
Scored 10 or more goals in 6 or more consecutive Premier League seasons (as of 06/2019, Owen 7: from 1997-98 to 2003-04 Liverpool)Robbie Keane
94.7%
Scored in 2002, 2006 FIFA World Cup qualifications, and 2000, 2004, 2008 UEFA Euro qualifications campaign (Owen scored 21 goals in total)Robbie Keane
94.7%
Awarded both PFA Young Player of the Year and Premier League Player of the Season (as of 05/2020, Owen both in 1997-98)Eden Hazard
94.5%
Awarded the Ballon d'Or/Golden Ball in the 2000's (Owen in 2001)Lionel Messi
94.5%
English player in 2004-05 Real Madrid squadDavid Beckham
94.2%
Part in 1998, 2002, 2006 FIFA World Cup and 2000, 2004 UEFA Euro for EnglandDavid Beckham
94.2%
Awarded the Ballon d'Or/Golden Ball in the 2000's (Owen in 2001)Ronaldinho
93.6%
Part of the England's squad in 1998 FIFA World Cup but did not play any qualifications gameRio Ferdinand
93.3%
English player won the 2010-11 Premier League winning medals with Man UtdRio Ferdinand
93.3%
Awarded both PFA Young Player of the Year and Premier League Player of the Season (as of 05/2020, Owen both in 1997-98)Gareth Bale
93.1%
Scored 10 or more goals in 6 or more consecutive Premier League seasons (as of 06/2019, Owen 7: from 1997-98 to 2003-04 Liverpool)Romelu Lukaku
92.9%
Scored 30 or more goals for England (as of 11/2019, Owen scored 40)Alan Shearer
92.9%
Scored 10 or more goals in 6 or more consecutive Premier League seasons (as of 06/2019, Owen 7: from 1997-98 to 2003-04 Liverpool)Sergio Aguero
92.7%
Scored 10 or more goals in 6 or more consecutive Premier League seasons (as of 06/2019, Owen 7: from 1997-98 to 2003-04 Liverpool)Thierry Henry
92.7%
Awarded the Ballon d'Or/Golden Ball in the 2000's (Owen in 2001)Luis Figo
92.2%
Played in 2001 League Cup, 2001 FA Cup, 2001 UEFA Cup, 2001 FA Community Shield and 2001 UEFA Super Cup (Champions in each)Jamie Carragher
91.4%
Awarded the Ballon d'Or/Golden Ball in the 2000's (Owen in 2001)Pavel Nedved
90.9%
Scored 30 or more goals for England (as of 11/2019, Owen scored 40)Harry Kane
90.7%
Awarded the Ballon d'Or/Golden Ball in the 2000's (Owen in 2001)Kaka
90%
Youngest player to score in Premier League in the 1990's (Owen scored aged 17 in 1996-97 and 1997-98)Joe Cole
89.6%
Awarded the Ballon d'Or/Golden Ball in the 2000's (Owen in 2001)Fabio Cannavaro
88.9%
Played in 2001 League Cup, 2001 FA Cup, 2001 UEFA Cup, 2001 FA Community Shield and 2001 UEFA Super Cup (Champions in each)Sami Hyypia
86.7%
Played in 2001 League Cup, 2001 FA Cup, 2001 UEFA Cup, 2001 FA Community Shield and 2001 UEFA Super Cup (Champions in each)Dietmar Hamann
85.4%
English player in 2004-05 Real Madrid squadJonathan Woodgate
85.1%
Played in 2001 League Cup, 2001 FA Cup, 2001 UEFA Cup, 2001 FA Community Shield and 2001 UEFA Super Cup (Champions in each)Emile Heskey
84.9%
Played from 2005-06 to 2008-09 Premier League for Newcastle (Owen played 71 games in total)Shay Given
84.9%
Scored 30 or more goals for England (as of 11/2019, Owen scored 40)Bobby Charlton
84.7%
Played for Liverpool in Owen's debut game (06/05/1997, Premier League, lost 2:1 vs Wimbledon, Owen entered as a sub on 57' and scored a goal)David James
84.5%
Hint Answer % Correct
Scored 10 or more goals in 6 or more consecutive Premier League seasons (as of 06/2019, Owen 7: from 1997-98 to 2003-04 Liverpool)Frank Lampard
82.9%
Part in 1998, 2002, 2006 FIFA World Cup and 2000, 2004 UEFA Euro for EnglandSol Campbell
81.2%
Scored 30 or more goals for England (as of 11/2019, Owen scored 40)Gary Lineker
80.9%
English player won the 2010-11 Premier League winning medals with Man UtdMichael Carrick
80.7%
Played for Liverpool in Owen's debut game (06/05/1997, Premier League, lost 2:1 vs Wimbledon, Owen entered as a sub on 57' and scored a goal)Steve McManaman
77.8%
Played for Liverpool in Owen's debut game (06/05/1997, Premier League, lost 2:1 vs Wimbledon, Owen entered as a sub on 57' and scored a goal)Mark Wright
76.9%
Scored 10 or more goals in 6 or more consecutive Premier League seasons (as of 06/2019, Owen 7: from 1997-98 to 2003-04 Liverpool)Ian Wright
76.9%
English player won the 2010-11 Premier League winning medals with Man UtdPaul Scholes
76.7%
Scored 10 or more goals in 6 or more consecutive Premier League seasons (as of 06/2019, Owen 7: from 1997-98 to 2003-04 Liverpool)Jimmy Floyd Hasselbaink
76.3%
Played for Stoke in Owen's last game (19/05/2013, 1:1 draw vs Southampton, Owen entered as a sub on 74')Asmir Begovic
75.2%
Scored in 2002, 2006 FIFA World Cup qualifications, and 2000, 2004, 2008 UEFA Euro qualifications campaign (Owen scored 21 goals in total)Eidur Gudjohnsen
74.9%
Top 5 transfer record in 2005-06 (Owen from Real Madrid to Newcastle)Michael Essien
74.7%
Part of the England's squad in 1998 FIFA World Cup but did not play any qualifications gameMartin Keown
74.5%
Played for Stoke in Owen's last game (19/05/2013, 1:1 draw vs Southampton, Owen entered as a sub on 74')Peter Crouch
74.5%
Played for Liverpool in Owen's debut game (06/05/1997, Premier League, lost 2:1 vs Wimbledon, Owen entered as a sub on 57' and scored a goal)Patrik Berger
73.4%
Played in 2001 League Cup, 2001 FA Cup, 2001 UEFA Cup, 2001 FA Community Shield and 2001 UEFA Super Cup (Champions in each)St├ęphane Henchoz
71%
Part of the England's squad in 1998 FIFA World Cup but did not play any qualifications gameNigel Martyn
69.8%
Top 5 transfer record in 2005-06 (Owen from Real Madrid to Newcastle)Sergio Ramos
69.2%
Part of the England's squad in 1998 FIFA World Cup but did not play any qualifications gameTim Flowers
67.2%
Played in 2001 League Cup, 2001 FA Cup, 2001 UEFA Cup, 2001 FA Community Shield and 2001 UEFA Super Cup (Champions in each)Gary McAllister
66.7%
Top 5 transfer record in 2005-06 (Owen from Real Madrid to Newcastle)Shaun Wright-Phillips
66.7%
Played in 2001 League Cup, 2001 FA Cup, 2001 UEFA Cup, 2001 FA Community Shield and 2001 UEFA Super Cup (Champions in each)Sander Westerveld
66.1%
Scored in 2002, 2006 FIFA World Cup qualifications, and 2000, 2004, 2008 UEFA Euro qualifications campaign (Owen scored 21 goals in total)Jan Koller
64.1%
Unused sub in 2011 UEFA Champions League Final (Owen for Man Utd, Runner-up, lost 3:1 vs Barcelona)Chris Smalling
63.9%
English player won the 2010-11 Premier League winning medals with Man UtdChris Smalling
63.9%
Played for Liverpool in Owen's debut game (06/05/1997, Premier League, lost 2:1 vs Wimbledon, Owen entered as a sub on 57' and scored a goal)Jamie Redknapp
63.4%
Played in 2001 League Cup, 2001 FA Cup, 2001 UEFA Cup, 2001 FA Community Shield and 2001 UEFA Super Cup (Champions in each)Markus Babbel
62.3%
Scored in 2002, 2006 FIFA World Cup qualifications, and 2000, 2004, 2008 UEFA Euro qualifications campaign (Owen scored 21 goals in total)Jon Dahl Tomasson
61.4%
Played for Stoke in Owen's last game (19/05/2013, 1:1 draw vs Southampton, Owen entered as a sub on 74')Robert Huth
61.4%
Played from 2005-06 to 2008-09 Premier League for Newcastle (Owen played 71 games in total)Shola Ameobi
60.3%
Played in 2001 League Cup, 2001 FA Cup, 2001 UEFA Cup, 2001 FA Community Shield and 2001 UEFA Super Cup (Champions in each)Danny Murphy
58.5%
Part of the England's squad in 1998 FIFA World Cup but did not play any qualifications gameDarren Anderton
56.1%
Awarded FIFA World Cup Best Young Player in the 1990's (Owen in 1998)Marc Overmars
55.4%
Played for Stoke in Owen's last game (19/05/2013, 1:1 draw vs Southampton, Owen entered as a sub on 74')Ryan Shawcross
55.4%
Played for Stoke in Owen's last game (19/05/2013, 1:1 draw vs Southampton, Owen entered as a sub on 74')Jonathan Walters
55.4%
Scored 30 or more goals for England (as of 11/2019, Owen scored 40)Jimmy Greaves
54.5%
Youngest player to score in Premier League in the 1990's (Owen scored aged 17 in 1996-97 and 1997-98)Mikael Forssell
53.7%
Hint Answer % Correct
Played for Liverpool in Owen's debut game (06/05/1997, Premier League, lost 2:1 vs Wimbledon, Owen entered as a sub on 57' and scored a goal)Stan Collymore
49.9%
Played for Stoke in Owen's last game (19/05/2013, 1:1 draw vs Southampton, Owen entered as a sub on 74')Geoff Cameron
47.7%
Unused sub in 2011 UEFA Champions League Final (Owen for Man Utd, Runner-up, lost 3:1 vs Barcelona)Darren Fletcher
47.5%
Played from 2005-06 to 2008-09 Premier League for Newcastle (Owen played 71 games in total)Steven Taylor
46.6%
Unused sub in 2011 UEFA Champions League Final (Owen for Man Utd, Runner-up, lost 3:1 vs Barcelona)Anderson
45.5%
Unused sub in 2011 UEFA Champions League Final (Owen for Man Utd, Runner-up, lost 3:1 vs Barcelona)Bojan
45%
Played for Liverpool in Owen's debut game (06/05/1997, Premier League, lost 2:1 vs Wimbledon, Owen entered as a sub on 57' and scored a goal)Stig Inge Bjornebye
43%
Unused sub in 2011 UEFA Champions League Final (Owen for Man Utd, Runner-up, lost 3:1 vs Barcelona)Tomasz Kuszczak
40.1%
Played for Stoke in Owen's last game (19/05/2013, 1:1 draw vs Southampton, Owen entered as a sub on 74')Steven Nzonzi
39%
Top 5 transfer record in 2005-06 (Owen from Real Madrid to Newcastle)Alberto Gilardino
38.8%
Youngest player to score in Premier League in the 1990's (Owen scored aged 17 in 1996-97 and 1997-98)Jason Euell
37.7%
Played for Liverpool in Owen's debut game (06/05/1997, Premier League, lost 2:1 vs Wimbledon, Owen entered as a sub on 57' and scored a goal)Jason McAteer
31.9%
Scored 10 or more goals in 6 or more consecutive Premier League seasons (as of 06/2019, Owen 7: from 1997-98 to 2003-04 Liverpool)Dion Dublin
31.9%
Played for Liverpool in Owen's debut game (06/05/1997, Premier League, lost 2:1 vs Wimbledon, Owen entered as a sub on 57' and scored a goal)Neil Ruddock
29.5%
Awarded FIFA World Cup Best Young Player in the 1990's (Owen in 1998)Robert Prosinecki
29%
Scored 30 or more goals for England (as of 11/2019, Owen scored 40)Tom Finney
26.2%
Unused sub in 2011 UEFA Champions League Final (Owen for Man Utd, Runner-up, lost 3:1 vs Barcelona)Adriano
25.3%
Played from 2005-06 to 2008-09 Premier League for Newcastle (Owen played 71 games in total)Charles N'Zogbia
24.8%
Played for Liverpool in Owen's debut game (06/05/1997, Premier League, lost 2:1 vs Wimbledon, Owen entered as a sub on 57' and scored a goal)Bjorn Tore Kvarme
23.9%
Played from 2005-06 to 2008-09 Premier League for Newcastle (Owen played 71 games in total)James Milner
22.8%
Scored 30 or more goals for England (as of 11/2019, Owen scored 40)Nat Lofthouse
22.4%
Played for Stoke in Owen's last game (19/05/2013, 1:1 draw vs Southampton, Owen entered as a sub on 74')Marc Wilson
19.7%
Played for Stoke in Owen's last game (19/05/2013, 1:1 draw vs Southampton, Owen entered as a sub on 74')Matthew Etherington
17.7%
Unused sub in 2011 UEFA Champions League Final (Owen for Man Utd, Runner-up, lost 3:1 vs Barcelona)Thiago
17.1%
Played for Stoke in Owen's last game (19/05/2013, 1:1 draw vs Southampton, Owen entered as a sub on 74')Cameron Jerome
13.1%
Played for Liverpool in Owen's debut game (06/05/1997, Premier League, lost 2:1 vs Wimbledon, Owen entered as a sub on 57' and scored a goal)Michael Thomas
11.8%
Scored in 2002, 2006 FIFA World Cup qualifications, and 2000, 2004, 2008 UEFA Euro qualifications campaign (Owen scored 21 goals in total)Sergej Barbarez
10.4%
Youngest player to score in Premier League in the 1990's (Owen scored aged 17 in 1996-97 and 1997-98)Kevin Gallen
9.8%
Played for Stoke in Owen's last game (19/05/2013, 1:1 draw vs Southampton, Owen entered as a sub on 74')Andy Wilkinson
9.8%
Scored in 2002, 2006 FIFA World Cup qualifications, and 2000, 2004, 2008 UEFA Euro qualifications campaign (Owen scored 21 goals in total)Michalis Konstantinou
8.6%
Scored in 2002, 2006 FIFA World Cup qualifications, and 2000, 2004, 2008 UEFA Euro qualifications campaign (Owen scored 21 goals in total)Hermann Hreidarsson
7.5%
Played for Stoke in Owen's last game (19/05/2013, 1:1 draw vs Southampton, Owen entered as a sub on 74')Dean Whitehead
7.5%
Played for Stoke in Owen's last game (19/05/2013, 1:1 draw vs Southampton, Owen entered as a sub on 74')Ryan Shotton
7.1%
Unused sub in 2011 UEFA Champions League Final (Owen for Man Utd, Runner-up, lost 3:1 vs Barcelona)Oier Olazabal
5.5%
Youngest player to score in Premier League in the 1990's (Owen scored aged 17 in 1996-97 and 1997-98)Darren Eadie
3.8%
Youngest player to score in Premier League in the 1990's (Owen scored aged 17 in 1996-97 and 1997-98)Andy Turner
3.5%
Remove Ads.
Support Sporcle.
Get the best of Sporcle when you Go Orange. This ad-free experience offers more features, more stats, and more fun while also helping to support Sporcle. Thank you for becoming a member.

You're not logged in!

Compare scores with friends on all Sporcle quizzes.
OR
Log In

Sporcle TV

Today on Sporcle TV


Watch our educational content, quiz creation guides, and fun videos on Sporcle TV.

Show Comments

Extras

Top Quizzes Today


Score Distribution

Paid Content

Your Account Isn't Verified!

In order to create a playlist on Sporcle, you need to verify the email address you used during registration. Go to your Sporcle Settings to finish the process.

Report this User

Report this user for behavior that violates our Community Guidelines.

Details: